Claves para dejar los pañales / (Registro nro. 11074)

Detalles MARC
000 -LIDER
fixed length control field 00794nam a22002657a 4500
001 - NÚMERO DE CONTROL
Identificador de número de control 000435
003 - IDENTIFICACDOR DE NÚMERO DE CONTROL
control field DO-SdBNP
005 - DATE AND TIME OF LATEST TRANSACTION
control field 20180119134345.0
007 - CAMPOS FIJOS DE DESCRIPCIÓN FÍSICA
fixed length control field 000435
008 - ELEMENTOS DE LONGITUD FIJA
fixed length control field 160802b 1999 ag ||||| |||| 00| 0 spa d
020 ## - ISBN
International Standard Book Number 9507397299
040 ## - FUENTE DE CATALOGACIÓN
Agencia que crea de manera original el registro BPMSU
Idioma de catalogación spa
Agencia que realiza la transcripción BPMSU
092 ## - LOCALLY ASSIGNED DEWEY DECIMAL CALL NUMBER
Número de clasificación xxxxxxx
Número de ítem (Cutter) xxxxxxx
100 1# - ASIENTO PRINCIPAL -- NOMBRE PERSONAL
Nombre personal Zweiback, Meg
240 10 - TITULO UNIFORME
Título uniforme Keys to toilet training.
Idioma de una obra Español
245 10 - MENCIÓN DE TITULO
Título Claves para dejar los pañales /
Mención de responsabilidad Meg Zweiback ; traducción, Leandro Wolfson.
260 ## - PUBLICACIÓN, DISTRIBUCIÓN, ETC. (PIE DE IMPRENTA)
Lugar de publicación, distribución, etc Buenos Aires :
Nombre del editor, distribuidor, etc. Errepar : Longseller,
Fecha de publicación, distribución, etc 1999.
300 ## - DESCRIPCIÓN FÍSICA
Extensión 172 p. :
Otros detalles físicos il. ;
Dimensiones 22 cm.
490 1# - MENCIÓN DE SERIES
Mención de serie Guías para padres
Volume/sequential designation 9
700 12 - ASIENTO SECUNDARIO -- NOMBRE PERSONAL
Nombre personal Wolfson, Leandro,
Mención de responsabilidad tr.
830 #0 - ASIENTO SECUNDARIO DE SERIE--TÍTULO UNIFORME
Título uniforme Guías para padres ;
Volume number/sequential designation 9
942 ## - ADDED ENTRY ELEMENTS (KOHA)
Source of classification or shelving scheme Dewey Decimal Classification
Koha item type Libros
945 ## - INFORMACIÓN DE PROCESAMIENTO LOCAL
Información de procesamiento local Inventariado, 2018 / YL
956 ## - LOCAL ELECTRONIC LOCATION AND ACCESS (OCLC)
Nombre de host LOPEREZ
Número de acceso 10
Información de compresión BPMSU
Existencias
Withdrawn status Lost status Source of classification or shelving scheme Damaged status Not for loan Collection code Home library Current library Date acquired Source of acquisition Total Checkouts Barcode Date last seen Price effective from Koha item type
    Dewey Decimal Classification     Colección General Biblioteca Pública Metropolitana Salomé Ureña Biblioteca Pública Metropolitana Salomé Ureña 08/02/2016 FUNDI   BPMSU16080019 08/02/2016 08/02/2016 Libros